Statistics for Avengers Archetypes descriptions

Click here to take the quiz!

General Stats

  • This quiz has been taken 10 times
  • The average score is 7 of 16

Answer Stats

Answer% Correct
Hero/Leader
100%
Jester
63%
Villain
63%
Magician
50%
Trickster
50%
Creator
38%
Explorer / Everyman
38%
Magician
38%
Ruler
38%
Sage
38%
Sidekick
38%
SideKick
38%
Warrior / Ruler
38%
Anti Hero
25%
Everyman
25%
Hero
25%

Score Distribution

Percentile by Number Answered

Percent of People with Each Score

Your Score History

You have not taken this quiz